Top 26 Buteurs ldc 2022-2023 - Statistiques

Statistiques générales
  • Ce quiz a été pris 944 fois
  • Le résultat moyen est 11 sur 26
Statistiques - réponses
Club Buts Joueur % Correct
Manchester City 12 Haaland
99%
Paris SG 7 Mbappé
99%
Liverpool 8 Salah
97%
Real Madrid 4 Benzema
92%
Real Madrid 5 Rodrygo
73%
AC Milan 5 Giroud
72%
FC Barcelone 5 Lewandowski
71%
Paris SG 4 Messi
64%
Naples 5 Osimhen
62%
Liverpool 4 Nuñez
53%
Bayern Munich 4 Sané
48%
Real Madrid 7 Vinicius Jr
45%
Dortmund 4 Bellingham
34%
FC Porto 5 Taremi
34%
Bayern Munich 4 Choupo-Moting
20%
Inter Milan 4 Dzeko
17%
Benfica Lisbonne 6 Jõao Mario
15%
Manchester City 3 Bernardo Silva
12%
Naples 4 Zielinski
11%
Real Madrid 3 Asensio
9%
Naples 4 Raspadori
9%
Naples 4 Simeone
7%
FC Barcelone 3 Ferran Torres
6%
Benfica Lisbonne 5 Rafa Silva
6%
Ajax 4 Kudus
4%
Maccabi Haïfa 5 Pierrot
2%
Aucun quiz correspondant
Distribution des résultats
% des personnes avec chaque résultat
Percentile par nombre de réponses
Votre historique - résultats
Vous n’avez pas pris ce quiz